Loading...
| Science - Physics | 1 | 5 | 1 | 1 | 60 | 64 | 99.00 | 4 | 6 |
| Science - Chemistry | 0 | 6 | 1 | 0 | 55 | 75 | 101.67 | 4 | 6 |
| History - American History | 0 | 3 | 0 | 2 | 30 | 91 | 113.33 | 0 | 3 |
| Mythology | 0 | 2 | 0 | 1 | 20 | 121 | 123.50 | 0 | 1 |
| Science - Biology | 0 | 3 | 2 | 1 | 20 | 102 | 103.67 | 1 | 3 |
| Science - Other Science | 0 | 2 | 0 | 0 | 20 | 84 | 91.50 | 1 | 2 |
| Literature - American Literature | 0 | 2 | 0 | 2 | 20 | 131 | 140.00 | 0 | 1 |
| Religion | 0 | 2 | 1 | 1 | 15 | 78 | 107.00 | 1 | 2 |
| History - Other History | 0 | 1 | 0 | 1 | 10 | 125 | 125.00 | 0 | 1 |
| Other Academic | 0 | 1 | 0 | 1 | 10 | 126 | 126.00 | 0 | 1 |
| History - World History | 0 | 2 | 2 | 2 | 10 | 124 | 125.50 | 0 | 2 |
| Pop Culture | 0 | 1 | 0 | 1 | 10 | 132 | 132.00 | 0 | 1 |
| Religion- Edited | 0 | 1 | 0 | 1 | 10 | 120 | 120.00 | 0 | 0 |
| Social Science | 0 | 0 | 0 | 0 | 0 | 0.00 | 0 | 0 | |
| History - European History | 0 | 0 | 0 | 0 | 0 | 0.00 | 0 | 0 | |
| Literature - British Literature | 0 | 0 | 0 | 0 | 0 | 0.00 | 0 | 0 | |
| Philosophy | 0 | 0 | 1 | 0 | -5 | 0.00 | 0 | 0 | |
| Mythology- Edited | 0 | 0 | 1 | 0 | -5 | 0.00 | 0 | 0 |